Statystyki dla Państwa produkujące najwięcej dwutlenku węgla

Kliknij tutaj aby rozwiązać quiz!

Ogólne statystyki

  • Ten quiz został rozwiązany 24 razy
  • Średni wynik to 8 z 10

Statystyki odpowiedzi

Procent globalnyPaństwo% Poprawnych
33%Chiny
100%
7%Indie
100%
12,5%Stany zjednoczone
100%
5%Rosja
95%
1,75%Niemcy
90%
1,60%Indonezja
81%
3%Japonia
76%
2%Iran
52%
1,65%Korea południowa
43%
1,55%Arabia Saudyjska
38%

Rozkład punktacji

Percentyl według liczby udzielonych odpowiedzi

Procent ludzi z każdym wynikiem

Twoja historia wyników

Nie rozwiązałeś tego quizu